000 00421nam a2200157 4500
001 112629
003 ES-MaACL
005 20230906185558.0
007 t|
008 061121s1959 sp r ||||1| spa d
100 1 _aMur, Manuela.
_984524
245 1 0 _aImán sin tiempo /
_cManuela Mur.
260 _aMadrid :
_bCultura clásica y moderna,
_c1959.
300 _a95 p. ;
_c21 cm.
852 _aES-MaACL
_jC-17731
_bR.43931
999 _c112629
_d112629